ბათუმის შოთა რუსთაველის სახელმწიფო უნივერსიტეტის ბიბლიოთეკა

პროგნოზირების ადაპტური ალგორითმების შექმნა ხელოვნური ნეირონული ქსელების გამოყენებით : დისერტაცია / (ბიბ.ჩანაწერი № 51635)

000 -ლიდერი
ფიქსირებული სიგრძის საკონტროლო ველი 02019nam a2200253Ia 4500
001 - საკონტროლო ნომერი
საკონტროლო ველი 18626
003 - საკონტროლო ნომრის იდენტიფიკატორი
საკონტროლო ველი GE_BSU
005 - ბოლო ოპერაციის თარიღი და დრო
საკონტროლო ველი 20220919172254.0
008 - ფიქსირებული სიგრძის მონაცემთა ელემენტები - ზოგადი ინფორმაცია
ფიქსირებული სიგრძის საკონტროლო ველი 181216s2013||||ge |||||||||||||| ||geo||
040 ## - კატალოგიზაციის წყარო
Transcribing agency GE_BSU
041 ## - ენის კოდი
Language code of text/sound track or separate title geo
080 ## - უნივერსალური ათობითი კლასიფიკაციის ინდექსი
Universal Decimal Classification number 004 კ-36
100 ## - მთავარი ჩანაწერი - პიროვნების სახელი
Personal name კახიანი, გრიგოლ
9 (RLIN) 1840
245 ## - ცნობა სათაურის შესახებ
Title პროგნოზირების ადაპტური ალგორითმების შექმნა ხელოვნური ნეირონული ქსელების გამოყენებით : დისერტაცია /
Statement of responsibility, etc გრიგოლ კახიანი; სამეცნიერო ხელმძღვანელი იბრაიმ დიდმანიძე, ონისე სურმანიძე; ბათუმის შოთა რუსთაველის სახ-ფო უნ-ტი. კომპიუტერულ მეცნიერებათა დეპარტამენტი.
264 ## - წარმოების, გამოცემის, დისტრიბუციის და სხვა ცნობები
გამოცემის, წარმოების, დისტრიბუციის... ადგილი თბილისი,
გამოცემის, წარმოების, დისტრიბუციის... თარიღი 2013.
300 ## - ფიზიკური აღწერა
Extent 158 გვ.;
Other physical details 30 სმ.
653 ## - INDEX TERM--UNCONTROLLED
Uncontrolled term დისერტაცია
653 ## - INDEX TERM--UNCONTROLLED
Uncontrolled term პროგნოზირების ადაპტური ალგორითმების შექმნა ხელოვნური ნეირონული ქსელების გამოყენებით.
653 ## - INDEX TERM--UNCONTROLLED
Uncontrolled term საინფორმაციო ტექნოლოგიები
700 ## - ADDED ENTRY--PERSONAL NAME
Personal name დიდმანიძე, იბრაიმ
Relator term სამეცნიერო ხელმძღვანელი
9 (RLIN) 1168
700 ## - ADDED ENTRY--PERSONAL NAME
Personal name სურმანიძე, ონისე
Relator term სამეცნიერო ხელმძღვანელი
9 (RLIN) 2481
710 ## - ADDED ENTRY--CORPORATE NAME
Corporate name or jurisdiction name as entry element ბათუმის შოთა რუსთაველის სახ-ფო უნ-ტი.
Subordinate unit კომპიუტერულ მეცნიერებათა დეპარტამენტი.
9 (RLIN) 11492
942 ## - ADDED ENTRY ELEMENTS (KOHA)
Koha item type წიგნი
Source of classification or shelving scheme
ეგზემპლარები
ჩამოწერის სტატუსი დაკარგული ეგზემპლარის სტატუსი კლასიფიკაციის წყარო ან თაროზე გაწყობის სქემა დაზიანების სტატუსი არ გაიცემა მუდმივი მდებარეობა (დაცვის ადგილი) ამჟამინდელი ადგილსამყოფელი შეძენის თარიღი სრული შენახვის შიფრი შტრიხკოდი ბოლო ოპერაციის თარიღი ეგზემპლარის მიმდევრობითი ნომერი (კეტერი?) ფასის ძალაში შესვლის თარიღი ეგზემპლარის სახეობა
        შიდა ფონდი ბათუმის შოთა რუსთაველის სახელმწიფო უნივერსიტეტის მთავარი ბიბლიოთეკა ბათუმის შოთა რუსთაველის სახელმწიფო უნივერსიტეტის მთავარი ბიბლიოთეკა 2018-12-17 004 კ-36 178 დისერტ. 2018-12-17 178 2018-12-17 დისერტაცია